=LDR 00000nam 2200000 4500 =001 INLIS000000000040254 =005 20130612145826 =008 ***********************************Ind** =035 ##$$a0010-061300000040254 =041 ##$$a Ind =082 ##$$a 641.5 =090 ##$$a 641.5, Che u.3 =100 ##$$a Chendhawati =245 ##$$a kue kering berhias, Chendhawati =260 ##$$a 2009 $b Jakarta =300 ##$$a 52 hlm, ilus, 29 cm =850 ##$$a NBPNMAT =990 ##$$a 94213/BPAP-NTB/2014